| 000 | 00701nam a22001937a 4500 | ||
|---|---|---|---|
| 005 | 20251108175956.0 | ||
| 008 | 250721s2024 xx 000 0 ara d | ||
| 082 | 1 | 4 | _a956.0651/جبو |
| 100 | 1 | _aالجبوري، غسان محمد حسن خلف | |
| 245 | 1 | 0 | _aالتدابير الأمنية في عصر المرابطين و الموحدين في المغرب و الأندلس / |
| 264 | 1 |
_aدمشق : _bصفحات للدراسات و النشر، _c2024. |
|
| 300 | _a304ص. | ||
| 650 | 1 | 7 | _aالتاريخ الاسلامي |
| 650 | 1 | 7 | _aالدولة الاندلسية |
| 650 | 1 | 7 | _aحكم المرابطين |
| 650 | 1 | 7 | _aحكم الموحدين |
| 942 |
_2ddc _cBK |
||
| 999 |
_c146819 _d146819 |
||